Technical Communication : (Record no. 33990)
[ view plain ]
| 000 -LEADER | |
|---|---|
| fixed length control field | 01766cam a2200361 a 4500 |
| 001 - CONTROL NUMBER | |
| control field | 17440174 |
| 003 - CONTROL NUMBER IDENTIFIER | |
| control field | OSt |
| 005 - DATE AND TIME OF LATEST TRANSACTION | |
| control field | 20211224150042.0 |
| 008 - FIXED-LENGTH DATA ELEMENTS--GENERAL INFORMATION | |
| fixed length control field | 120823s2014 nyua b 001 0 eng |
| 010 ## - LIBRARY OF CONGRESS CONTROL NUMBER | |
| LC control number | 2012034468 |
| 020 ## - INTERNATIONAL STANDARD BOOK NUMBER | |
| International Standard Book Number | 9780321864949 |
| 038 ## - RECORD CONTENT LICENSOR | |
| Staff Name | Khadija |
| 040 ## - CATALOGING SOURCE | |
| Original cataloging agency | DLC |
| Transcribing agency | DLC |
| Modifying agency | DLC |
| 042 ## - AUTHENTICATION CODE | |
| Authentication code | pcc |
| 050 00 - LIBRARY OF CONGRESS CALL NUMBER | |
| Classification number | PE1475 |
| Item number | .G47 2014 |
| 082 00 - DEWEY DECIMAL CLASSIFICATION NUMBER | |
| Classification number | 808.0666 |
| Edition number | 23 |
| Author Mark | CER |
| 100 1# - MAIN ENTRY--PERSONAL NAME | |
| Personal name | Gerson, Steven M., |
| Dates associated with a name | 1948- |
| 9 (RLIN) | 86997 |
| 245 10 - TITLE STATEMENT | |
| Title | Technical Communication : |
| Remainder of title | Process and Product / |
| Statement of responsibility, etc. | Steven J. Gerson, Sharon M. Gerson. |
| 250 ## - EDITION STATEMENT | |
| Edition statement | 8th ed. |
| 260 ## - PUBLICATION, DISTRIBUTION, ETC. | |
| Place of publication, distribution, etc. | New York : |
| Name of publisher, distributor, etc. | Pearson, |
| Date of publication, distribution, etc. | c2014. |
| 300 ## - PHYSICAL DESCRIPTION | |
| Extent | xxviii, 590 p. : |
| Other physical details | ill (some col.) ; |
| Dimensions | 26 cm. |
| 500 ## - GENERAL NOTE | |
| General note | Sharon Gerson's name appears first in earlier editions. |
| 504 ## - BIBLIOGRAPHY, ETC. NOTE | |
| Bibliography, etc. note | Includes bibliographical references (p. 579-584) and index. |
| 505 0# - FORMATTED CONTENTS NOTE | |
| Formatted contents note | An introduction to technical communication -- The communication process -- Objectives in technical communication -- Audience recognition -- Ethical considerations -- Research -- Routine correspondence -- Social media -- The job search -- Document design -- Using visual aids -- Communicating to persuade -- Technical descriptions and process analyses -- Instructions, user manuals, and standard operating procedures -- Web sites and online help -- Short, informal reports -- Long, formal reports -- Proposals -- Oral presentations. |
| 563 ## - BINDING INFORMATION | |
| Binding note | PB |
| 650 #0 - SUBJECT ADDED ENTRY--TOPICAL TERM | |
| Topical term or geographic name entry element | English language |
| General subdivision | Technical English. |
| 9 (RLIN) | 86998 |
| 650 #0 - SUBJECT ADDED ENTRY--TOPICAL TERM | |
| Topical term or geographic name entry element | English language |
| General subdivision | Rhetoric. |
| 9 (RLIN) | 86999 |
| 650 #0 - SUBJECT ADDED ENTRY--TOPICAL TERM | |
| Topical term or geographic name entry element | Technical writing. |
| 9 (RLIN) | 87000 |
| 700 1# - ADDED ENTRY--PERSONAL NAME | |
| Personal name | Gerson, Sharon J., |
| Dates associated with a name | 1948- |
| 9 (RLIN) | 87001 |
| 906 ## - LOCAL DATA ELEMENT F, LDF (RLIN) | |
| a | 7 |
| b | cbc |
| c | orignew |
| d | 1 |
| e | ecip |
| f | 20 |
| g | y-gencatlg |
| 942 ## - ADDED ENTRY ELEMENTS (KOHA) | |
| Source of classification or shelving scheme | |
| Koha item type | Book |
| Withdrawn status | Lost status | Source of classification or shelving scheme | Damaged status | Not for loan | Permanent Location | Current Location | Shelving location | Date acquired | Full call number | Barcode | Date last seen | Price effective from | Koha item type |
|---|---|---|---|---|---|---|---|---|---|---|---|---|---|
| School of Mechanical & Manufacturing Engineering (SMME) | School of Mechanical & Manufacturing Engineering (SMME) | General Stacks | 05/23/2016 | 808.0666 CER | SMME-3326 | 03/30/2018 | 05/23/2016 | Book |
